Las hijas del fuego (Record no. 111599)

MARC details
000 -LEADER
campo de control de longitud fija 00960nam a2200217 i 4500
001 - NÚMERO DE CONTROL
campo de control 111599
003 - IDENTIFICADOR DE NÚMERO DE CONTROL
campo de control ES-MaACL
005 - FECHA Y HORA DE LA ÚLTIMA TRANSACCIÓN
campo de control 20240523063033.0
007 - CAMPO FIJO DE DESCRIPCIÓN FÍSICA--INFORMACIÓN GENERAL
campo de control de longitud fija t|
008 - DATOS DE LONGITUD FIJA--INFORMACIÓN GENERAL
campo de control de longitud fija 061121q1919 sp f |||| | spa d
100 0# - ENTRADA PRINCIPAL--NOMBRE DE PERSONA
Nombre de persona Nerval, Gérard de,
Fechas asociadas al nombre 1808-1855
9 (RLIN) 85401
245 14 - MENCIÓN DEL TÍTULO
Título Las hijas del fuego
Resto del título : (novelas) /
Mención de responsabilidad, etc. Gerardo de Nerval [seud.] ; [traducción de Carmen de Burgos (Colombine) ; prólogo de Ramón Gómez de la Serna].
260 ## - PUBLICACIÓN, DISTRIBUCIÓN, ETC.
Lugar de publicación, distribución, etc. Madrid :
Nombre del editor, distribuidor, etc. Biblioteca Nueva,
Fecha de publicación, distribución, etc. [ca. 1919] (
Fabricante Imp. Juan Pueyo)
300 ## - DESCRIPCIÓN FÍSICA
Extensión 269 p., [5] h. de lám. ;
Dimensiones 19 cm.
490 1# - MENCIÓN DE SERIE
Mención de serie Colección extranjera de la Biblioteca Nueva
700 1# - ENTRADA AGREGADA--NOMBRE PERSONAL
Nombre de persona Burgos, Carmen de,
Fechas asociadas al nombre 1867-1932
9 (RLIN) 32646
700 1# - ENTRADA AGREGADA--NOMBRE PERSONAL
Nombre de persona Gómez de la Serna, Ramón,
Fechas asociadas al nombre 1888-1963
9 (RLIN) 57901
830 0# - PUNTO DE ACCESO ADICIONAL DE SERIE-TÍTULO UNIFORME
Título uniforme Colección extranjera de la Biblioteca Nueva
9 (RLIN) 226400
852 ## - LOCALIZACIÓN
Ubicación ES-MaACL
Número de control de estantería F-8449
Nota libre .- Ded. autógrafa de Ramón Goméz de la Serna
-- .- Dont. Ramón Gómez de la Serna
Holdings
Estatus retirado Estado de pérdida Estado de daño No para préstamo Biblioteca de origen Biblioteca actual Ubicación en estantería Fecha de adquisición Fuente de adquisición Total de préstamos Signatura topográfica completa Código de barras Visto por última vez Precio de reemplazo Tipo de ítem Koha
        Biblioteca del Ateneo de Madrid Biblioteca del Ateneo de Madrid Sala Pecera Planta 2 17/01/2008     F-8449 1116421 23/02/2023 23/02/2023 Libro impreso